Role of Ethics in Insurance Profession

Analýza profesionálnej etiky vo vybraných subjektoch poistného sektora. Správanie akcionárov, kvalita servisu, jasná a presná informovanosť poistenca. Národná a medzinárodná úprava poistnej činnosti na trhu. IFPA, Slovenská komora certifikovaných účtovníkov a Národná banka SR.

Enregistré dans:
Détails bibliographiques
Auteur principal: Meluchová, Jitka, 1965-
Autres auteurs: Mateášová, Martina, 1979-
Format: Chapitre de livre
Langue:anglais
Sujets:
Tags: Ajouter un tag
Pas de tags, Soyez le premier à ajouter un tag!

MARC

LEADER 00000naa$a2200000$$$4500
001 0194716
005 20240502073249.1
041 0 |a eng 
044 |a SK 
245 1 0 |a Role of Ethics in Insurance Profession  |c Jitka Meluchová, Martina Mateášová 
520 |a Analýza profesionálnej etiky vo vybraných subjektoch poistného sektora. Správanie akcionárov, kvalita servisu, jasná a presná informovanosť poistenca. Národná a medzinárodná úprava poistnej činnosti na trhu. IFPA, Slovenská komora certifikovaných účtovníkov a Národná banka SR. 
610 2 0 |a etika podnikateľská 
610 2 0 |a poistenci 
610 2 0 |a poistenie súkromné 
610 2 0 |a trh poistný 
610 2 0 |a akcionári 
610 2 0 |a kódexy etické 
100 1 |a Meluchová, Jitka, 1965- 
700 1 |a Mateášová, Martina, 1979-